000 00650cam a2200217 a 4500
020 _a0470218142 (Wiley)
040 _cDLC
082 0 0 _a633 WIL 1994 A052 Or.
245 0 0 _aBiology and management of rice insects /
260 _aNew York :
_bWiley ;
_a[Manila, Philippines] :
_bIRRI,
_c1994.
300 _ax, 779 p. :
_bill. ;
_c25 cm.
650 0 _aRice
650 0 _aInsect pests.
650 0 _aRice
650 0 _aInsect pests
700 1 _aHeinrichs, E. A.
700 1 _aAguda, R. M.
856 4 2 _uhttp://www.loc.gov/catdir/description/wiley034/95109091.html
856 4 _uhttp://www.loc.gov/catdir/toc/onix05/95109091.html
942 _cEK
999 _c14560
_d14560